Kings of Hungary - Statistics

General Stats
  • This quiz has been taken 383 times
  • The average score is 30 of 53
Answer Stats
Reign House of Árpád % Correct
1000-1038 I. Stephen
88%
1116-1131 II. Stephen
88%
1162-1172 III. Stephen
88%
1163-1165 IV. Stephen
88%
1270-1272 V. Stephen
88%
1307/1308-1342 I. Charles
83%
1385-1386 II. Charles
83%
1711-1740 III. Charles
83%
1916-1918 IV. Charles
83%
1792-1835 Francis
81%
1848/1867-1916 Francis Joseph
74%
1705-1711 I. Joseph
73%
1780-1790 II. Joseph
73%
1342-1382 I. Louis
69%
1516-1526 II. Louis
69%
1382-1385 Mary
69%
1526-1564 I. Ferdinand
65%
1619-1637 II. Ferdinand
65%
1637-1657 III. Ferdinand
65%
1646-1654 IV. Ferdinand
65%
1835-1848 V. Ferdinand
65%
1458-1490 I. Matthias
62%
1608-1619 II. Matthias
62%
1077-1095 I. Ladislaus
59%
1162-1163 II. Ladislaus
59%
1204-1205 III. Ladislaus
59%
1444-1457 V. Ladislaus
59%
1060-1063 I. Bela
58%
1131-1141 II. Bela
58%
1172-1196 III. Bela
58%
1235-1270 IV. Bela
58%
1046-1060 I. Andrew
55%
1205-1235 II. Andrew
55%
1290-1301 III. Andrew
55%
1038-1041, 1044-1046 Peter
54%
1272-1290 IV. Ladislaus
53%
1387-1437 Sigismund
46%
1740-1780 Mary Theresa
44%
1095-1116 Coloman
40%
1440-1444 I. Wladislaus
40%
1490-1516 II. Wladislaus
40%
1657-1705 I. Leopold
38%
1790-1792 II. Leopold
38%
1305-1307 Otto
37%
1074-1077 I. Geza
34%
1141-1162 II. Geza
34%
1564-1576 Maximilian
34%
1196-1204 Emeric
31%
1576-1608 Rudolph
27%
1041-1044 Samuel
27%
1437-1439 Albert
25%
1301-1305 Wenceslas
20%
1063-1074 Salamon
19%
No matching quizzes found
Score Distribution
Percent of People with Each Score
Percentile by Number Answered
Your Score History
You have not taken this quiz